Представление документа в формате RUSMARC

ПолеНазваниеЗначение
  Тип записи a
  Библиографический уровень m
001 Контрольный номер UONB/MAIN/a22ed52d737747c9917b6f15d906d3ac
005 Дата корректировки 20250423102931.6
010 Индекс ISBN __
d Цена 2 р. 40 к.
9 Тираж 1200 экз.
b Уточнения в пер.
100 Данные общей обработки __
a Данные общей обработки 20240620d1968 u y0rusy0189 ca
101 Язык документа 0_
a Язык текста rus
102 Страна публикации __
a Страна публикации RU
105 Кодированные данные (монография) __
a Кодированные данные (монография) a z 000yy
200 Заглавие и сведения об ответственности 1_
a Заглавие Протяжные, абразивно-отрезные и фрезерно-отрезные станки, полуавтоматы и автоматы
e Сведения, относящиеся к заглавию каталог-справочник
f Первые сведения об ответственности Спец. конструкторское бюро протяжных станков
203 Вид содержания и тип средства __
a Вид содержания Текст
b Характеристика содержания визуальный
c Тип средства непосредственный
210 Выходные данные 1_
a Место издания Минск
c Издательство Полымя
d Дата издания 1968
215 Физическое описание __
a Объем 555 с.
d Формат 22х29 см
c Иллюстрации/тип воспроизводства ил.
606 Тематические рубрики 0_
a Основная рубрика Металлорежущие станки
j Формальный подзаголовок Каталоги
610 Ключевые слова 0_
a Ключевые слова металлорежущие станки; каталоги-справочники
675 Индекс УДК __
a Индекс УДК 6П4.6-071(085)
686 Индексы других классификаций __
a Классификационный индекс 34
2 Код системы rubbk
712 Наименование организации (Вторичная ответственность) 02
a Организация/ юрисдикция Специальное конструкторское бюро протяжных станков
4 Код отношения 570
801 Источник записи _0
a Страна RU
b Организация Ульяновская ОНБ
c Дата составления 20240620
g Правила каталогизации RCR
801 Источник записи _1
a Страна RU
b Организация Ульяновская ОНБ
c Дата составления 20240620
g Правила каталогизации RCR
901 Тип документа __
t Тип документа m
909 Создатель записи __
a Создатель записи Полина
b Дата создания записи 20240620